Organizational Behaviour and Management / Third Edition (Record no. 3640)
[ view plain ]
| 000 -LEADER | |
|---|---|
| fixed length control field | 01593cam a22002054a 4500 |
| 005 - ΗΜΕΡΟΜΗΝΙΑ ΚΑΙ ΩΡΑ ΤΕΛΕΥΤΑΙΑΣ ΕΝΗΜΕΡΩΣΗΣ | |
| Πεδίο ελέγχου | 20250804123114.0 |
| 008 - FIXED-LENGTH DATA ELEMENTS--GENERAL INFORMATION | |
| Πεδίο ελέγχου σταθερού μήκους | 250528s ||||||||||||||||||||||||d |
| 035 ## - SYSTEM CONTROL NUMBER | |
| System control number | 18272 |
| 020 ## - ISBN | |
| ISBN | 1861529481 |
| 040 ## - ΠΗΓΗ ΚΑΤΑΛΟΓΟΓΡΑΦΗΣΗΣ | |
| Φορέας πρωτότυπης καταλογογράφησης | MC Athens Campus Library |
| Γλώσσα καταλογογράφησης | Ελληνικά, Μοντέρνα (1453-) |
| Modifying agency | MC Athens Campus Library |
| Κανόνες περιγραφικής καταλογογράφησης | AACR2 |
| 245 1# - ΤΙΤΛΟΣ ΚΑΙ ΔΗΛΩΣΗ ΥΠΕΥΘΥΝΟΤΗΤΑΣ | |
| Τίτλος | Organizational Behaviour and Management / Third Edition |
| 250 ## - EDITION STATEMENT | |
| Edition statement | 3rd |
| 260 ## - PUBLICATION, DISTRIBUTION, ETC. | |
| Name of publisher, distributor, etc. | Thomson Information/ Publishing Group, |
| Date of publication, distribution, etc. | 2005 |
| 300 ## - PHYSICAL DESCRIPTION | |
| Extent | 884 |
| 520 ## - SUMMARY, ETC. | |
| Summary, etc. | A comprehensive understanding of the human experience within work organizations. Introduction to Management and Organizational Behavior, Organizational Behavior Today, Management and Organizations - Evolution and Academic Perspectives, Individuals within Organizations, Perception and Attitude Formation, Personality and Individual Difference, Learning within Organizations, Groups and Teams within Organizations, Groups and Teams: Formation and Structure, Groups and Teams: Dynamics and Effectiveness, Managing Organizations, Management Within Organizations, Leadership in Organizations, Managing People Within an Organization, Managing People and Stress, Motivation and Performance Management, Ethics and Organizational Culture, Managing Work Design and Technology and Structure, Work Design and Organization, Technology and Work, Organizational Structure and Design, Managing the Processes and Dynamics of Organizations, Communication and Decision Making and Negotiation, Power and Control, Conflict and Organizational Politics, Organizational Development and Change. |
| 700 1# - ΠΡΟΣΘΕΤΗ ΑΝΑΓΡΑΦΗ--ΦΥΣΙΚΟ ΠΡΟΣΩΠΟ | |
| Personal name | Martin, John C. |
| 9 (RLIN) | 1087 |
| 942 ## - ADDED ENTRY ELEMENTS (KOHA) | |
| Koha item type | Books |
| Τύπος τεκμηρίου | Βιβλιοθήκη | Τρέχουσα τοποθεσία | Barcode | Αριθμός εισαγωγής | Ημερομηνία απόκτησης | Ταξιθετικό σύμβολο | Αριθμός αντιτύπου | Κατάσταση απόσυρσης | Κατάσταση χαμένου | Κατάσταση κατεστραμμένου | Μη δανεισμός | Σύνολο δανεισμών | Ημερομηνία τελευταίας εμφάνισης | Η τιμή ισχύει από |
|---|---|---|---|---|---|---|---|---|---|---|---|---|---|---|
| Books | MC Athens Campus Library | MC Athens Campus Library | 9780000036391 | 2844 | 05/06/2025 | 658 MAR | 1 | 05/06/2025 | 05/06/2025 |